000 00542ntaaa2200193 4500
003 01
005 20251027201713.0
008 0714s1973 ag 01
040 _aAR-BaBN
_bspa
_cAR-BaBN
_eaacr
_dRIC
082 _a233.7000 L18
100 _aLamennais, Hugo Felicidad Roberto de
_915622
245 _aPalabras de un creyente
250 _a1 ed.
260 _aBuenos Aires :
_bEditorial Partenon,
_c1834, 1945
300 _a159 p
500 _aEl libro del pueblo, del absolutismo, y de la libertad
650 _alibertad
_94526
942 _cBK
999 _c11713
_d11713